[Event "FIDE GP"]
[Site "Dubai UAE"]
[Date "2002.04.03"]
[Round "1.1"]
[White "Shirov,A"]
[Black "Othman,A"]
[Result "1/2-1/2"]
[WhiteElo "2715"]
[BlackElo "2366"]
[EventDate "2002.04.03"]

1. e4 d6 2. d4 Nf6 3. Nc3 g6 4. f4 Bg7 5. Nf3 c5 6. Bb5+ Bd7 7. Bxd7+ Qxd7
8. d5 O-O 9. e5 dxe5 10. fxe5 Ng4 11. O-O Nxe5 12. Nxe5 Bxe5 13. Bh6 Rd8
14. Qf3 f6 15. Rae1 Qf5 16. Qxf5 gxf5 17. Rxe5 fxe5 18. Rxf5 Nd7 19. Ne4
Nf8 20. Rg5+ Ng6 21. h4 Rxd5 22. h5 Rd4 23. Nf2 Rad8 24. hxg6 Rh4 25. Ng4
Rd4 26. Rf5 hxg6 27. Rf8+ Kh7 28. Rf7+ Kg8 29. Rf8+ Kh7 30. Rf7+ 1/2-1/2

[Event "FIDE GP"]
[Site "Dubai UAE"]
[Date "2002.04.04"]
[Round "2.1"]
[White "Short,N"]
[Black "Shirov,A"]
[Result "1/2-1/2"]
[WhiteElo "2663"]
[BlackElo "2715"]
[EventDate "2002.04.03"]

1. e4 e5 2. Nf3 Nc6 3. Bb5 Nf6 4. O-O Nxe4 5. d4 Nd6 6. Bxc6 dxc6 7. dxe5
Nf5 8. Qxd8+ Kxd8 9. Nc3 Ne7 10. Re1 Bg4 11. Ng5 Ke8 12. h3 Bf5 13. Re2 Nd5
14. g4 Nxc3 15. bxc3 Be6 16. Nxe6 fxe6 17. Be3 Rd8 18. c4 b6 19. Kg2 Bb4
20. Rb1 c5 21. f4 g6 22. Rb3 Kf7 23. Kf3 Rd1 24. c3 Ba5 25. Rd2 Rxd2 26.
Bxd2 h5 27. g5 Rd8 28. Ke2 1/2-1/2

[Event "FIDE GP"]
[Site "Dubai UAE"]
[Date "2002.04.04"]
[Round "2.2"]
[White "Shirov,A"]
[Black "Short,N"]
[Result "1/2-1/2"]
[WhiteElo "2715"]
[BlackElo "2663"]
[EventDate "2002.04.03"]

1. e4 e5 2. Nf3 Nc6 3. Bb5 a6 4. Ba4 d6 5. c3 Bd7 6. d4 g6 7. Bg5 f6 8. Bh4
Bg7 9. Nbd2 Nge7 10. Bb3 Na5 11. O-O Nxb3 12. Qxb3 Qc8 13. Rad1 Be6 14. Qa3
g5 15. Bg3 Ng6 16. dxe5 dxe5 17. h4 h6 18. Nb3 Bg4 19. Rd3 Bf8 20. Nc5 Be7
21. b4 b6 22. Nb3 gxh4 23. Nxh4 Nxh4 24. Bxh4 Be2 25. Rg3 Bxf1 26. Kxf1 Qe6
27. Kg1 Rg8 28. Nd2 Rxg3 29. Bxg3 Rd8 30. Nf3 Qc4 31. Qc1 Qxe4 32. Kh2 Bf8
33. Nh4 b5 34. f3 Qe2 35. Qg1 Qxa2 36. Qa7 Bd6 37. Nf5 Kd7 38. Qb7 h5 39.
Qe4 Rg8 40. Nh6 Rg7 41. Nf5 Rg5 42. Nxd6 cxd6 43. f4 exf4 44. Qb7+ Ke6 45.
Bxf4 Qd5 46. Qc8+ Kf7 47. Bxg5 Qe5+ 48. Kh1 fxg5 49. Qxa6 h4 50. c4 Qe1+
51. Kh2 Qe5+ 52. Kh1 bxc4 53. Qxc4+ d5 54. Qc5 g4 55. b5 Qe1+ 56. Kh2 Qe5+
57. Kh1 g3 58. b6 Qa1+ 59. Qg1 Qb2 60. b7 Qxb7 61. Qa7 Qe7 62. Qe3 Qf6 63.
Qa7+ Kg6 64. Qb6 d4 65. Qxd4 Qf1+ 66. Qg1 Qxg1+ 67. Kxg1 Kf5 68. Kh1 Ke4
69. Kg1 Ke3 70. Kh1 h3 71. Kg1 h2+ 72. Kh1 Ke4 1/2-1/2

[Event "FIDE GP"]
[Site "Dubai UAE"]
[Date "2002.04.05"]
[Round "3.3"]
[White "Azmaiparashvili,Z"]
[Black "Shirov,A"]
[Result "0-1"]
[WhiteElo "2676"]
[BlackElo "2715"]
[EventDate "2002.04.03"]

1. g3 d5 2. Bg2 Nf6 3. d3 c6 4. Nd2 Bg4 5. h3 Bh5 6. Ngf3 Nbd7 7. O-O e5 8.
e4 Bd6 9. exd5 cxd5 10. g4 Bg6 11. Nh4 O-O 12. Nxg6 hxg6 13. c4 Nc5 14. Nb3
dxc4 15. dxc4 Qc7 16. Be3 e4 17. Nxc5 Bxc5 18. Bxc5 Qxc5 19. Qe2 Rfe8 20.
Rac1 Rad8 21. Rc3 Rd4 22. Qe3 Red8 23. Re1 Qb4 24. g5 Rd3 25. Qc1 Nh5 26.
Bxe4 Rd2 27. Bd5 R8xd5 28. cxd5 Qf4 29. Rf3 Qxf3 30. Qxd2 Nf4 31. Qxf4 Qxf4
32. Rd1 Qxg5+ 33. Kf1 Kf8 0-1

[Event "FIDE GP"]
[Site "Dubai UAE"]
[Date "2002.04.08"]
[Round "5.4"]
[White "Shirov,A"]
[Black "Georgiev,Ki"]
[Result "1-0"]
[WhiteElo "2715"]
[BlackElo "2655"]
[EventDate "2002.04.03"]

1. e4 c5 2. Nf3 Nc6 3. d4 cxd4 4. Nxd4 g6 5. Nc3 Bg7 6. Be3 Nf6 7. Bc4 O-O
8. Bb3 a5 9. O-O Nxd4 10. Bxd4 d6 11. a4 Bd7 12. Re1 Bc6 13. Nd5 Nd7 14. c3
Re8 15. Bxg7 Kxg7 16. Qd4+ Kg8 17. Rad1 Bxd5 18. Qxd5 Rf8 19. Qg5 Nc5 20.
Bc2 Qc7 21. Re3 Rfd8 22. Qh6 e6 23. Rh3 f6 24. b4 axb4 25. cxb4 Nxa4 26.
Bb3 Re8 27. g4 Nc3 28. Rxd6 Ne2+ 29. Kf1 Qxd6 30. Qxh7+ Kf8 31. Qh8+ Ke7
32. Qg7+ Kd8 33. Qxf6+ Kc8 34. Kxe2 Kb8 35. Rd3 Qxb4 36. Qe5+ Ka7 37. Bxe6
Rad8 38. Qa1+ Kb8 39. Qe5+ Ka7 40. Rxd8 Rxd8 41. Bd5 Rc8 42. Kf1 Rc3 43.
Kg2 Qb2 44. Qd4+ Kb8 45. Qe5+ Ka7 46. h4 Qb4 47. Qf6 Rc2 48. Qxg6 Qd4 49.
Qf7 Rb2 50. g5 Rb1 51. Qf3 Qh8 52. h5 Qa1 53. g6 Qe5 54. Qa3+ Kb8 55. Qg3
Qxg3+ 1-0